000 01656nam a2200373 c 4500
003 BLK
005 20180422102057.0
008 180408b bul|||||r ||||||| ||bul||
010 _aKNG00061274000
040 _aBLK
041 _aBUL
_cBUL
080 _aЗанимания в предучилищна възраст
_b372.3
_x(47+57)
_z372.3(47+57)
100 1 _aЗапорожец, Александър В.
_eпърви автор
_9369470
700 1 _aЗапорожец, Александър В.
_eред.
_9369470
700 1 _aМаркова, Т. А.
_eред.
_9369471
700 1 _aКосева, Мария
_eпрев. от рус.
_9368535
139 _aОснови на предучилищната педагогика
_bО 83
245 1 0 _aОснови на предучилищната педагогика
_bМоногр.
_cАлександър В. Запорожец; ред. Александър В. Запорожец; ред. Т. А. Маркова; прев. от рус. Мария Косева.
257 _aBGR
260 София
_bНар. просв.
_c1984
_fВ. Търново : печ. Д. Найденов
300 _a320 с.
_c21 см
380 _a3
500 _aБиблиогр. с. 306-317
504 _a306-317
650 4 _aПредучилищно възпитание - методика на преподаването
_9242554
653 _aпредучилищно възпитание
653 _aпредучилищна възраст
653 _aтеории
852 _aЦб 127577
856 4 _qpdf
_u
856 4 _qpdf
_u
942 _cKNG
_n0
944 _aCR
_c13.06.2004
_kНаталия_Медовщикова
944 _aED
_c14.03.2007
_k
999 _c57279
_d57279